| 000 | 00333nam a22001337a 4500 | ||
|---|---|---|---|
| 008 | 181204b xxu||||| |||| 00| 0 eng d | ||
| 020 | _a9780205711062 | ||
| 041 | _aeng | ||
| 080 |
_26 TH _a316 |
||
| 100 | _a50 | ||
| 101 | _aSOC | ||
| 245 |
_aField INstruction A guiide For Social Work Students _cDavid.R |
||
| 942 |
_2udc _cBK |
||
| 999 |
_c52777 _d52777 |
||